000 00521nam a2200181Ia 4500
003 OSt
005 20230603122748.0
008 210423s1977 xx 000 0 und d
040 _cAL
041 _aeng
082 _a303.484
_223
_bDIER
100 _aDIETRICH (Gabrick).
_9119313
245 _aReligions and peoples organisations in east jhanjaum.
260 _aBangalore
_bChristain Institute for Study
_c1977
365 _cINR
906 _aeast ; jhanjaum. ; organisations ; peoples ; Religions
942 _2ddc
_cBK
999 _c174856
_d174856